000 00699nab a2200229 a 4500
005 20210219161804.0
008 991125s1985 mx 000 0 spa u
035 _aUPN01000191895
100 1 _aLlamares Prieto, María Teresa
222 _aREVISTA ESPAÑOLA DE PEDAGOGIA
245 _aAprender a comprender : actividades y estrategias de comprensión lectora en las aulas
300 _a309-326
362 0 _a2013 Año 71, no. 255, may.-ago.
653 0 _aESTRATEGIAS DE ENSEÑANZA
653 0 _aCOMPRENSION LECTORA
653 0 _aINFERENCIAS
700 1 _aRíos García, Isabel,
700 1 _ecoaut.
700 1 _aBuisán Serradell, Carmen,
700 1 _ecoaut.
905 _aArticulo
999 _c163998
_d163998